| 000 | 01225nam a22002297a 4500 | ||
|---|---|---|---|
| 001 | BH33198 | ||
| 003 | ES-SlBCS | ||
| 005 | 20260603073221.0 | ||
| 008 | 260603s1769 spa||||| |||| 00| 0 spa d | ||
| 040 |
_aES--SlBCS _bspa |
||
| 100 | 1 |
_aGervasio María de Uvinthuysen _924003 |
|
| 245 | 1 |
_aOracion funebre, _b Que en las sumptuosas exequias que celebró la Ilustre, y Venerable Hermandad del Apostol Señor San Pedro de la Ciudad del Puerto de Santa Maria, por su amado Hermano el Sr. D. Pedro Ambrosio Villarello, Presbytero, el día 20 de Diciembre de 1768 _c Dixo el Sr. D. Gervasio Maria de Uvinthuysen, Colegial del insigne de la Purissima Concepcion de la Ciudad de Sevilla... |
|
| 260 |
_aPuerto de Santa Maria : _bFrancisco Vicente Muñoz _c, 1769 |
||
| 300 |
_a[16], 47, p. ; _b19 cm |
||
| 500 | _aSello: Convento de Dominicos. Jerez | ||
| 500 | _aGrabado: Retrato del V. Siervo de Dios D. Pedro Ambrosio Villarello. Jacobo Vanderherden Sculp. Hoja plegable Epitaphio Grabado de escudo arzobispal | ||
| 561 | _aConvento de Jerez | ||
| 648 |
_xOración fúnebre _yObras anteriores a 1800 _926207 |
||
| 700 |
_aJacobo Vanderherden _eSculp. _926543 |
||
| 752 |
_aEspaña _dPuerto de Santa María |
||
| 942 |
_2lcc _cLA |
||
| 999 |
_c18473 _d21704 |
||